<?xml version="1.0" encoding="UTF-8"?><?xml-stylesheet type="text/xsl" href="static/style.xsl"?><OAI-PMH xmlns="http://www.openarchives.org/OAI/2.0/" xmlns:xsi="http://www.w3.org/2001/XMLSchema-instance" xsi:schemaLocation="http://www.openarchives.org/OAI/2.0/ http://www.openarchives.org/OAI/2.0/OAI-PMH.xsd"><responseDate>2026-04-27T21:41:04Z</responseDate><request verb="GetRecord" identifier="oai:uvadoc.uva.es:10324/6028" metadataPrefix="marc">https://uvadoc.uva.es/oai/request</request><GetRecord><record><header><identifier>oai:uvadoc.uva.es:10324/6028</identifier><datestamp>2021-06-29T09:57:20Z</datestamp><setSpec>com_10324_38</setSpec><setSpec>col_10324_852</setSpec></header><metadata><record xmlns="http://www.loc.gov/MARC21/slim" xmlns:doc="http://www.lyncode.com/xoai" xmlns:xsi="http://www.w3.org/2001/XMLSchema-instance" xmlns:dcterms="http://purl.org/dc/terms/" xsi:schemaLocation="http://www.loc.gov/MARC21/slim http://www.loc.gov/standards/marcxml/schema/MARC21slim.xsd">
<leader>00925njm 22002777a 4500</leader>
<datafield tag="042" ind1=" " ind2=" ">
<subfield code="a">dc</subfield>
</datafield>
<datafield tag="720" ind1=" " ind2=" ">
<subfield code="a">González Bocigas, Diego</subfield>
<subfield code="e">author</subfield>
</datafield>
<datafield tag="260" ind1=" " ind2=" ">
<subfield code="c">2014</subfield>
</datafield>
<datafield tag="520" ind1=" " ind2=" ">
<subfield code="a">El artículo gira en torno a la relación entre ficción e historia, exactamente el momento clave y de no retorno que supuso el romanticismo en esta correspondencia. A través del novelista inglés Walter Scott, voy a analizar la creación de un nuevo género literario, la novela histórica, que implicó una forma novedosa de representación de la historia en la literatura y su importancia para la futura concepción de los tiempos pasados. La ficción ha desvirtuado en cierta medida el entendimiento que en la actualidad tenemos sobre la Edad Media, pero si seguimos un buen criterio, sabremos discernir la forma para que ésta sea fértil en nuestros estudios históricos.</subfield>
</datafield>
<datafield tag="024" ind2=" " ind1="8">
<subfield code="a">http://uvadoc.uva.es/handle/10324/6028</subfield>
</datafield>
<datafield ind1=" " ind2=" " tag="653">
<subfield code="a">Scott, Walter, Sir (1771-1832) – Crítica e interpretación</subfield>
</datafield>
<datafield ind1=" " ind2=" " tag="653">
<subfield code="a">Edad Media en la Literatura</subfield>
</datafield>
<datafield tag="245" ind1="0" ind2="0">
<subfield code="a">La invención de la Edad Media en Walter Scott</subfield>
</datafield>
</record></metadata></record></GetRecord></OAI-PMH>